El hechizo de la comprensión: vida y obra de Hannah Arendt
保存先:
| 第一著者: | |
|---|---|
| フォーマット: | 図書 |
| 言語: | スペイン語 |
| 出版事項: |
Madrid
Ediciones Encuentro S. A
2009
|
| 版: | 1a. ed |
| シリーズ: | Biografías, 395
|
| 主題: | |
| タグ: |
タグ追加
タグなし, このレコードへの初めてのタグを付けませんか!
|
MARC
| LEADER | 00000cam a2200000 a 4500 | ||
|---|---|---|---|
| 001 | UCF9967 | ||
| 003 | CL-VaPUC | ||
| 008 | 131220e20090000sp |||||||||||||||||spa|d | ||
| 020 | |a 9788499200026 | ||
| 082 | 0 | 4 | |a 923.2 |b GUT |2 21 |
| 100 | 0 | |a Gutiérrez de Cabiedes, Teresa |e author |9 572367 | |
| 245 | 1 | 3 | |a El hechizo de la comprensión: vida y obra de Hannah Arendt |
| 250 | |a 1a. ed | ||
| 300 | |a 454 p | ||
| 942 | |c BK | ||
| 945 | |d 20131220 10:31:00 |a dcastane | ||
| 260 | |a Madrid |b Ediciones Encuentro S. A |c 2009 | ||
| 650 | 0 | |a Biografías |9 255210 | |
| 650 | 7 | |a CIENTISTAS POLITICOS |2 CL-VaPUC |9 255693 | |
| 583 | |a last modification |c 20131220 10:31:00 |k Rodrigo Vera | ||
| 490 | 0 | |a Biografías, 395 | |
| 999 | |c 354296 |d 354294 | ||
| 952 | |0 0 |1 0 |3 erb |4 0 |6 923_200000000000000_GUT_2009 |7 0 |8 A |9 460073 |a BIBEDU |b BIBEDU |i 5036631 |o 923.2 GUT 2009 |p 5036631 |r 2019-11-23 |w 2019-11-23 |y BK |z Catalogado en:20131220 |k FIL | ||